| 000 | 00314 a2200133 4500 | ||
|---|---|---|---|
| 001 | 89173 | ||
| 082 | _a823.92 UZM | ||
| 090 |
_c42122 _d42122 |
||
| 100 | _aUzma Aslam Khan | ||
| 245 | _aGeometry of God | ||
| 260 |
_aLahore _bILQA Publications _c2014 |
||
| 300 |
_a356 p. _bPb |
||
| 740 | _aenglish novel;fiction | ||
| 942 |
_aCAE NUST _k823.92 UZM |
||
| 999 |
_c324246 _d324246 |
||